000 01273nam2a2200229 4500
001 rc\2939682
005 20260315055653.0
035 _a(NLR Aleph) 007088544
090 _a13599326
_c13599326
100 _a20110824d1936 u y0rusy50 ca
101 0 _arus
102 _aRU
105 _ay z |||||
200 1 _aТеоретические основы и результаты измерений теплоемкостей твердых, жидких и газообразных тел
_fКафедра тепловозостроения
210 _aМосква
_aЛенинград
_d1936
461 0 _1001rc\2939669
_12001#$aТруды Кр. МММИ$e[Т. 1]-$fКраснознаменный Моск. механико-машиностроительный ин-т им. Н.Э. Баумана$vВып. 18-19
_96549697
_aМВТУ им. Н. Э. Баумана
_cМосква
_d1934
_fКраснознаменный Моск. механико-машиностроительный ин-т им. Н.Э. Баумана
_nСектор учеб. пособий Кр. МММИ
_o[Т. 1]-
_tТруды Кр. МММИ
_vВып. 18-19
700 1 _aШелест
_bА.Н.
801 0 _aRU
_bNLR
_gpsbo
801 1 _aRU
_bELAR
_2rusmarc
852 _aNLR
_j34-19/383
942 _cUNSPEC
980 _aNB